000 00228 a2200097 4500
001 27707
100 _aNorris, B
245 _aPower transistor & TTL integrate circuits app.
260 _a
_bMcGraw-Hill
_c
090 _c18480
_d18480
942 _aNUST-CAE
_cM
_c9425
999 _c262780
_d262780